| 000 | 01132cam a2200313 4500 | ||
|---|---|---|---|
| 999 |
_c128797 _d128797 |
||
| 001 | 302789 | ||
| 003 | ARRUPE | ||
| 005 | 20190123132957.0 | ||
| 008 | 720721r19721970enkabe d 001 0 eng | ||
| 010 | _a 72187248 | ||
| 015 | _aB72-10520 | ||
| 020 | _a0140510451 | ||
| 040 |
_aDLC _cDLC _dDLC |
||
| 050 | 0 | 0 |
_aSPC. CC70 _b.B73 1972 |
| 082 | 0 | 0 | _a913/.031/03 |
| 100 | 1 |
_aBray, Warwick. _944082 |
|
| 240 | 1 | 0 | _aDictionary of archaeology |
| 245 | 1 | 4 |
_aThe Penguin dictionary of archaeology _c[by] Warwick Bray, David Trump; drawings by Judith Newcomer. |
| 260 |
_aHarmondsworth, _bPenguin, _c1972. |
||
| 300 |
_a269, [17] p. _billus., maps, plans. _c20 cm. |
||
| 350 | _a£0.50 ($2.65 U.S.) | ||
| 490 | 0 | _aPenguin reference books, R45 | |
| 500 | _aOriginally published as A dictionary of archaeology. London, Allen Lane, 1970. | ||
| 650 | 0 |
_aArchaeology _xDictionaries. _944083 |
|
| 700 | 1 |
_aTrump, David H., _ejoint author. _944084 |
|
| 906 |
_a7 _bcbc _corignew _d2 _encip _f19 _gy-gencatlg |
||
| 942 |
_2lcc _cSPC |
||